书目信息 |
| 题名: |
职业生涯规划与指导
|
|
| 作者: | 谭禾丰 主编 | |
| 分册: | ||
| 出版信息: | 北京 机械工业出版社 2007.08 |
|
| 页数: | 191页 | |
| 开本: | 20cm | |
| 丛书名: | ||
| 单 册: | ||
| 中图分类: | G717.38 | |
| 科图分类: | ||
| 主题词: | 教育--类型 | |
| 电子资源: | ||
| ISBN: | 978-7-111-21624-7 | |
| 000 | 00590nam0 2200217 45 | |
| 001 | 0955013918 | |
| 005 | 20091018161759.20 | |
| 010 | @a978-7-111-21624-7@dCNY17.00 | |
| 100 | @a20090515d2007 ekmy0 y0120 ea | |
| 102 | @aCN@b130000 | |
| 102 | @aCN@b110000 | |
| 105 | @ay z 000yy | |
| 200 | 1 | @a职业生涯规划与指导@f谭禾丰主编@Ftan he feng zhu bian |
| 210 | @a北京@c机械工业出版社@d2007.08 | |
| 215 | @a191页@d20cm | |
| 606 | 0 | @a教育@x类型 |
| 690 | @aG717.38@v4 | |
| 701 | 0 | @a谭禾丰@Atan he feng@4主编 |
| 801 | 0 | @aCN@c20091018 |
| 905 | @a10447@dG717.38@eT100 | |
| 906 | @d17@n3@r1 | |
| 职业生涯规划与指导/谭禾丰主编.-北京:机械工业出版社,2007.08 |
| 191页;20cm |
| ISBN 978-7-111-21624-7:CNY17.00 |
| ● |
| 相关链接 |
|
|
|
正题名:职业生涯规划与指导
索取号:G717.38/T100
 
预约/预借
| 序号 | 登录号 | 条形码 | 馆藏地/架位号 | 状态 | 备注 |
| 1 | 897576 | 208975769 | 社科库409/409社科库 16排2列4层/ [索取号:G717.38/T100] | 在馆 | |
| 2 | 897577 | 208975778 | 社科二线422/422社科库 40排4列5层/ [索取号:G717.38/T100] | 在馆 |